| 000 | 01063nam a2200289 i 4500 | ||
|---|---|---|---|
| 001 | bg | ||
| 100 | 1 | _aSTEWART, Grant. | |
| 245 | 1 | 0 |
_aSkuteczne zarządzanie sprzedażą : _bjak stworzyć najlepszy dział sprzedaży / _cGrant Stewart ; przeł. [z ang.] Grzegorz Łuczkiewicz. |
| 246 |
_iTyt. oryg.: _aSuccessful sales management : how to make your team the best |
||
| 250 | _aWyd. 3. | ||
| 260 |
_aKraków : _bWydaw. Profesjonalnej Szkoły Biznesu, _c1997. |
||
| 300 |
_a182 s. : _b1 faks., rys., wykr. ; _c20 cm. |
||
| 490 | 1 | _aBiblioteka Menedżera | |
| 500 | _aOryg. : "Successful sales management : how to make your team the best". 1994. | ||
| 650 | 9 |
_aZarządzanie _xhandel |
|
| 650 | 9 |
_aKupno i sprzedaż _xorganizacja |
|
| 655 | _aPoradniki | ||
| 830 | _aBiblioteka Menedżera | ||
| 020 | _a8385441654 | ||
| 040 | _cBPK | ||
| 041 | 1 |
_apl _hen |
|
| 080 | _a658.8.012.4 | ||
| 920 | _a83-85441-65-4 | ||
| 942 | _cKS | ||
| 008 | s pl f |000 0 pol | ||
| 999 |
_c38889 _d38889 |
||
| 856 |
_uhttp://koha.tu.koszalin.pl/cgi-bin/koha/opac-detail.pl?biblionumber=38889 _yKatalog online BPK |
||